|
|
|
|
| LEADER |
01263naa a2200265 i 4500 |
| 001 |
acta85792 |
| 005 |
20241203084613.0 |
| 008 |
241203s2024 hu o 100 hun d |
| 040 |
|
|
|a SZTE Egyetemi Kiadványok Repozitórium
|b hun
|
| 041 |
|
|
|a hun
|
| 100 |
2 |
|
|a Bordé-Pavlicz Ádám
|
| 245 |
1 |
0 |
|a Gyökérzöldségek vegyszermentes termesztését megalapozó innovatív növénykondicionáló mikrobiológiai készítmény kifejlesztése
|h [elektronikus dokumentum] :
|b [absztrakt] /
|c Bordé-Pavlicz Ádám
|
| 260 |
|
|
|a Szegedi Tudományegyetem Móra Ferenc Szakkollégium
|b Szeged
|c 2024
|
| 300 |
|
|
|a 45
|
| 490 |
0 |
|
|a Móra Kárpát-medencei Interdiszciplináris Szakkollégiumi Konferencia
|v 8
|
| 650 |
|
4 |
|a Természettudományok
|
| 650 |
|
4 |
|a Biológiai tudományok
|
| 695 |
|
|
|a Növénybiológia - előadáskivonat, Mikrobiológia - előadáskivonat
|
| 700 |
0 |
1 |
|a Kredics László
|e aut
|
| 700 |
0 |
1 |
|a Monostori Tamás
|e aut
|
| 700 |
0 |
2 |
|a Đurišić-Mladenović Nataša
|e aut
|
| 700 |
0 |
2 |
|a Živančev Jelena
|e aut
|
| 700 |
0 |
2 |
|a Vágvölgyi Csaba
|e aut
|
| 711 |
|
|
|a VIII. Móra Kárpát-medencei Interdiszciplináris Szakkollégiumi Konferencia
|c Szeged
|d 2024. november 22-24.
|
| 856 |
4 |
0 |
|u http://acta.bibl.u-szeged.hu/85792/1/morakonf_2024_045.pdf
|z Dokumentum-elérés
|